00982nam a2200265 i 4500001001000000003000900010005001700019007000300036008004100039040003000080041000800110082002400118100005900142245005200201264009500253300002800348336002700376337003300403338002800436500006900464650003600533650003000569650006200599651005500661000028591DO-SdBNP20260317133558.0ta110411s1992 dr r 000 0 spa d aDO-SdBNPbspacBNPHUerda hspa 4aRD864.42bH519t2221 aHenríquez Ureña, Pedro,d1884-1946 eautor4aut.10aTemas dominicanos /cPedro Henríquez Ureña. 4aSanto Domingo :bComisión Organizadora Permanente de la Feria Nacional del Libro,c1992. a207 páginas ;c22 cm. atextobtxt2rdacontent bsin mediaciónan2rdamedia avolumenbnc2rdacarrier aIncluye referencias bibliográficas y notas al pie de páginas 0aCulturazRepública Dominicana 7aEnsayos dominicanos2LEMB 7aRepública DominicanaxHistoriayColonia,1503-17952LEMB 7aRepública DominicanaxHistoria y1865-19162LEMB